Republic of Belarus : Financial System Stability Assessment; Update, including Report on the Observance of Standards and Codes on Banking Supervision.

This paper presents an update to the Financial System Stability Assessment (FSAP) on the Republic of Belarus. The paper reveals that the Belarusian financial sector has so far weathered the ongoing turmoil well, reflecting its relatively closed nature and the dominant role of state-owned banks. The...

Celý popis

Podrobná bibliografie
Korporativní autor: International Monetary Fund
Médium: Časopis
Jazyk:English
Vydáno: Washington, D.C. : International Monetary Fund, 2009.
Edice:IMF Staff Country Reports; Country Report ; No. 2009/030
On-line přístup:Full text available on IMF
LEADER 01693cas a2200241 a 4500
001 AALejournalIMF005596
008 230101c9999 xx r poo 0 0eng d
020 |c 5.00 USD 
020 |z 9781451805291 
022 |a 1934-7685 
040 |a BD-DhAAL  |c BD-DhAAL 
110 2 |a International Monetary Fund. 
245 1 0 |a Republic of Belarus :   |b Financial System Stability Assessment; Update, including Report on the Observance of Standards and Codes on Banking Supervision. 
264 1 |a Washington, D.C. :  |b International Monetary Fund,  |c 2009. 
300 |a 1 online resource (45 pages) 
490 1 |a IMF Staff Country Reports 
500 |a <strong>Off-Campus Access:</strong> No User ID or Password Required 
500 |a <strong>On-Campus Access:</strong> No User ID or Password Required 
506 |a Electronic access restricted to authorized BRAC University faculty, staff and students 
520 3 |a This paper presents an update to the Financial System Stability Assessment (FSAP) on the Republic of Belarus. The paper reveals that the Belarusian financial sector has so far weathered the ongoing turmoil well, reflecting its relatively closed nature and the dominant role of state-owned banks. The regulatory and supervisory framework has improved since the 2004 FSAP. The planned overhaul of government-directed lending mechanisms in the context of the Stand-By Arrangement will help to ensure the long-term viability of the Belarusian banking sector. 
538 |a Mode of access: Internet 
830 0 |a IMF Staff Country Reports; Country Report ;  |v No. 2009/030 
856 4 0 |z Full text available on IMF  |u http://elibrary.imf.org/view/journals/002/2009/030/002.2009.issue-030-en.xml  |z IMF e-Library